<?xml version="1.0" encoding="UTF-8"?>
<record
    xmlns:xsi="http://www.w3.org/2001/XMLSchema-instance"
    xsi:schemaLocation="http://www.loc.gov/MARC21/slim http://www.loc.gov/standards/marcxml/schema/MARC21slim.xsd"
    xmlns="http://www.loc.gov/MARC21/slim">

  <leader>02162nam a22002297a 4500</leader>
  <controlfield tag="005">20230622093451.0</controlfield>
  <controlfield tag="008">230622b           ||||| |||| 00| 0 eng d</controlfield>
  <datafield tag="020" ind1=" " ind2=" ">
    <subfield code="a">8125032703</subfield>
  </datafield>
  <datafield tag="040" ind1=" " ind2=" ">
    <subfield code="c">AL</subfield>
  </datafield>
  <datafield tag="041" ind1=" " ind2=" ">
    <subfield code="a">eng</subfield>
  </datafield>
  <datafield tag="082" ind1=" " ind2=" ">
    <subfield code="2">23</subfield>
    <subfield code="a">954.0924</subfield>
    <subfield code="b">NAYT</subfield>
  </datafield>
  <datafield tag="100" ind1=" " ind2=" ">
    <subfield code="a">Pramod K Nayar Ed</subfield>
    <subfield code="9">124491</subfield>
  </datafield>
  <datafield tag="245" ind1=" " ind2=" ">
    <subfield code="a">Trial of Bahadur Shah Zafar</subfield>
  </datafield>
  <datafield tag="260" ind1=" " ind2=" ">
    <subfield code="a">Hyderabad</subfield>
    <subfield code="b">Orient Longman</subfield>
    <subfield code="c">2007</subfield>
  </datafield>
  <datafield tag="300" ind1=" " ind2=" ">
    <subfield code="a">lxxvi,315p.</subfield>
    <subfield code="b">PB</subfield>
    <subfield code="c">24x16cm.</subfield>
  </datafield>
  <datafield tag="365" ind1=" " ind2=" ">
    <subfield code="2">History</subfield>
    <subfield code="b">465.00</subfield>
    <subfield code="c">&#x20B9;</subfield>
    <subfield code="d">465.00</subfield>
  </datafield>
  <datafield tag="520" ind1=" " ind2=" ">
    <subfield code="a">Bahadur Shah Zafar, the poet-king, was catapulted into the limelight when the &#x2018;mutineers&#x2019; from Meerut arrived in Delhi on 11 May 1857. After the &#x2018;mutiny&#x2019;, the last of the great Mughals went on trial on 27 January 1858 for aiding and abetting the &#x2018;mutineers&#x2019; of 1857. The 21-day trial in the Diwan-i-Khas, the Hall of Special Audience, in Zafar&#x2019;s own palace, saw the British produce dozens of witnesses and documents to demonstrate Zafar&#x2019;s complicity in the &#x2018;Mutiny&#x2019;. He was eventually found guilty and exiled to Burma, where he died years later. The proceedings of this historic trial was first published in 1858, but has remained largely absent from studies and histories of colonial India. The current edition reproduces the text, documents and witness accounts of the day-by-day account of the trial. The Introduction, beginning with a short but comprehensive history of the East India Company and the &#x2018;Mutiny&#x2019;, places the trial in the context of the colonial state and its ideological structures. It then moves on to a reading of the trial&#x2019;s key narrative and rhetorical features. The text of the trial constitutes a great historical drama. The vast archive of &#x2018;evidence&#x2019; captures the theatre, the violence, the betrayals and the British anger. The legal arguments and eye-witness accounts reveal the human, political and bureaucratic dimensions of the trial of the nineteenth century. The Trial of Bahadur Shah Zafar makes for fascinating reading&#x2014;for the history buff and anyone interested in India 1857.</subfield>
  </datafield>
  <datafield tag="650" ind1=" " ind2=" ">
    <subfield code="a">Indian History</subfield>
    <subfield code="9">124492</subfield>
  </datafield>
  <datafield tag="650" ind1=" " ind2=" ">
    <subfield code="a">Mughal King</subfield>
    <subfield code="9">124493</subfield>
  </datafield>
  <datafield tag="700" ind1=" " ind2=" ">
    <subfield code="a">NAYAR (Pramod K) Ed</subfield>
    <subfield code="9">124494</subfield>
  </datafield>
  <datafield tag="942" ind1=" " ind2=" ">
    <subfield code="2">ddc</subfield>
    <subfield code="c">DB</subfield>
  </datafield>
  <datafield tag="999" ind1=" " ind2=" ">
    <subfield code="c">227607</subfield>
    <subfield code="d">227607</subfield>
  </datafield>
  <datafield tag="952" ind1=" " ind2=" ">
    <subfield code="0">0</subfield>
    <subfield code="1">0</subfield>
    <subfield code="2">ddc</subfield>
    <subfield code="4">0</subfield>
    <subfield code="7">0</subfield>
    <subfield code="8">HIS</subfield>
    <subfield code="a">AL</subfield>
    <subfield code="b">AL</subfield>
    <subfield code="d">2023-06-16</subfield>
    <subfield code="l">1</subfield>
    <subfield code="o">954.0924 NAYT</subfield>
    <subfield code="p">D05879</subfield>
    <subfield code="r">2023-08-18 00:00:00</subfield>
    <subfield code="s">2023-07-17</subfield>
    <subfield code="v">465.00</subfield>
    <subfield code="w">2023-06-22</subfield>
    <subfield code="y">DB</subfield>
  </datafield>
</record>
